Introduction to input-output economics
Αποθηκεύτηκε σε:
| Κύριος συγγραφέας: | |
|---|---|
| Μορφή: | Βιβλίο |
| Γλώσσα: | English |
| Δημοσίευση: |
New York :
Holt, Rinehart, and Winston,
1969
|
| Σειρά: | Principles of economics series
|
| Θέματα: | |
| Ετικέτες: |
Προσθήκη ετικέτας
Δεν υπάρχουν, Καταχωρήστε ετικέτα πρώτοι!
|
MARC
| LEADER | 00000cam a2200000 i 4500 | ||
|---|---|---|---|
| 001 | 1/6823 | ||
| 008 | 000617s1969 eng d | ||
| 020 | |a 0030762855 | ||
| 035 | |l 10062069 | ||
| 040 | |a GR-MY-UA |b gre |e aacr | ||
| 041 | 0 | |a eng | |
| 082 | 0 | |a 339.23 | |
| 100 | 1 | |a Yan, Chiou-shuang. | |
| 245 | 1 | 0 | |a Introduction to input-output economics / |c Chiou-Chuang Yan |
| 260 | |a New York : |b Holt, Rinehart, and Winston, |c 1969 | ||
| 300 | |a x, 134 p. | ||
| 490 | 1 | |a Principles of economics series | |
| 504 | |a Index: p. 130-134 | ||
| 650 | 0 | 0 | |a Input-output analysis. |
| 830 | 0 | |a Principles of economics series | |
| 852 | |a INST |b LESVOS |e 20000617 |h 339.23 YAN |p 005100020923 |q 005100020923 |t BK |y 0 | ||
| 909 | |a Λ |b 072886 | ||
| 970 | |z 2000/06/ΟΙΚΟΝΟΜΟΠΟΥΛΟΥ ΧΡΙΣΤΙΝΑ | ||